000 00612nam a2200229Ia 4500
003 OSt
005 20220924152209.0
006 a|||||r|||| 00| 0
007 ta
008 220923b |||||||| |||| 00| 0 mar d
024 _a341498
037 _cTextual
040 _aARTS
_cARTS
_bmar
041 _2mar
_amar
082 _aDelta2:8627, 155M9
100 _aBarbe P.R.K. Au.
_9226089
245 0 _aTumchi Jnamkundali aani tumhi
260 _c1989
650 _aMARATHI LITERATURE
_938000
942 _hDelta2:8627, 155M9
_cTEXL
_2CC
999 _c469062
_d469062